| 000 | 00612nam a2200205 a 4500 | ||
|---|---|---|---|
| 003 | PILC | ||
| 005 | 20150112093431.0 | ||
| 008 | 100716s19uu xx 00 eng d | ||
| 020 | _a0070178445 | ||
| 050 |
_aHB 172.5 _b.D67 1994 |
||
| 082 |
_aESF 339 _bD73 1994 |
||
| 100 |
_aDornbursch, Rudriger _910408 |
||
| 245 |
_aMacroeconomics / _cRudiger Dornbusch, Stanley Fischer, Richard Startz. |
||
| 250 | _a6th ed. | ||
| 260 |
_aNew York : _bMcGraw-Hill, Inc, _c1994. |
||
| 300 |
_a635 pages : _billustration ; _c23 cm. |
||
| 650 |
_aMacroeconomics _910409 |
||
| 700 |
_aFischer, Stanley _910410 |
||
| 942 |
_2lcc _cBK |
||
| 999 |
_c14378 _d14378 |
||